Historia del papel moneda argentino(monografía) /

Guardado en:
Autor Principal: Alonso Virginia
Formato: Libro
Publicado: Bah¡a Blanca : , 1994
Materias:
Fc
Etiquetas: Agregar Etiqueta
Sin Etiquetas, Sea el primero en etiquetar este registro!
LEADER 00551nam a22001935a 4500
001 CEM.cems008808
005 20060214000000.0
008 130507s1994##################000#0#####d
003 CEMS
082 0 4 |a F737 
100 1 |a Alonso Virginia 
245 1 0 |a Historia del papel moneda argentino(monografía) / 
260 |a Bah¡a Blanca :  |b ,  |c 1994 
300 |a 62 p. 
653 |a Economia argentina 
653 |a Fc 
653 |a Historia economica argentina 
653 |a Papel moneda argentino-histori 
859 |a CEMS  |b BIB. CEMS - 11 de abril  |h F737  |i 1  |p 1301.44  |t Ej.1